000 00321nam a2200133Ia 4500
008 230917s9999||||xx |||||||||||||| ||und||
040 _e205309
_aMAIN
041 _aEnglish
082 _a823.09 M471H
100 _aMeenakshi Kumari
245 0 _aHumanism in Rohinton Mistry's fiction
300 _a167 p.
942 _cTH
999 _c125789
_d125789